000 00515nam a2200181Ia 4500
008 240925s9999 xx 000 0 und d
020 _a9780070621046
082 _a658.4038 NAT
100 _aNatrajan, GAnesh.
245 0 _aUnleashing the knowledge force: harnessing knowledge for building global companies.
250 _aNA
260 _aNew Delhi:
_bTata McGraw Hill
_c,2007.
300 _a731p.
_bN.A
_fOriginal
500 _aIncludes Index
600 _aManagement
650 _aManagement
942 _cBK
999 _c17687
_d17687